000 00982nam0a2200289 4500
001 RU\NLR\BIBL_A\011379926
005 20260406145533.0
010 _a9785699842322
_93000
021 _aRU
_b2017-24202
_91790
035 _a(RuMoRGB)008845756
035 _a(NLR Aleph) 011379926
090 _a11395513
_c11395513
100 _a20170502d2017 u y0rusy50 ca
101 1 _arus
_ceng
102 _aRU
105 _ay z 000ay
200 1 _aВеликий Гэтсби
_e[роман]
_fФрэнсис Скотт Фицджеральд
_g[перевод с английского С. Ильина]
210 _aМосква
_cЭ
_d2017
215 _a220, [2] с.
_d21
333 _a16+
686 _aШ5(7США)61-644
_2rubbk
686 1 _aШ6(7США)67-440.4{Лх1978-50}
700 1 _8rus
_7ca
_aФицджеральд
_bФ. С.
_f1896-1940
_gФрэнсис Скотт
_3RU\NLR\AUTH\774722
_9114699
942 _cBOOK
980 _aNBR